Famous Doggies Quiz Stats

 Plays Quiz not verified by Sporcle

Challenge
Share
Tweet
Embed
Score 0/23 Timer 05:00
0 Plays Today
Hintage Doggy % Correct
micky mouse's poochpluto
91.2%
Solves mysteries with Shag in a vanscooby
90.7%
sleeps on TOP of his doghousesnoopy
88.5%
a huge red dogclifford
88.5%
a kansan who's stangely unafraid of a talking lion, robot, and scarecrow toto
83%
a silver mutt who loves spaghetti, cocker spaniels, and despises dog catcherstramp
83%
a spaghetti lovin cocker spaniel who's in love with a muttlady
81.9%
'what is it girl? ellen fell in the well??'lassie
81.3%
constantly poops on Fred Flintstone's floordino
75.3%
drooling st bernard who cannot play pianobeethoven
73.1%
the runt of the Doo familyScrappy
72%
physically connected to a cat (how do they poop)catdog
65.9%
Hintage Doggy % Correct
found in the comic section of the newspaper. this great dane thinks he's humanmarmaduke
64.3%
'have no fear, ____ is here!!'underdog
63.7%
talking alcoholic who's in love with Loisbrian
62.6%
futuristic family dog. Also, he can talk!astro
55.5%
best friends with the fox, Tod, and would rather play than learn to hunt with Chiefcopper
54.4%
'The golden reciever'; plays basketball, football, and volleyball in his moviesBuddy
51.6%
a blue dog with a southern drawl who's name comes from a Mark Twain novelhuckleberry hound
50.5%
saved alaskan children from dying of diptheriabalto
37.9%
a genius who teaches his boy Sherman about everything on Rocky & Bullwinklemr peabody
34.6%
leader of the pack in Homeward Bound.shadow
31.3%
Doug Funnie's companionporkchop
30.2%

You're not logged in!

Compare scores with friends on all Sporcle quizzes.
Join for Free
OR
Log In

You Might Also Like...

Show Comments

Extras

Created Feb 9, 2010ReportFavoriteNominate
Tags:Famous Quiz, dog, hint

Top Quizzes Today


Score Distribution

Your Account Isn't Verified!

In order to create a playlist on Sporcle, you need to verify the email address you used during registration. Go to your Sporcle Settings to finish the process.

Report this User

Report this user for behavior that violates our Community Guidelines.

Details: